Associe ces toupies à leurs bladers (Beyblade: Metal Fury) - Statistiques

Statistiques générales
  • Ce quiz a été pris 94 fois
  • Le résultat moyen est 19 sur 28
Statistiques - réponses
Hint Réponse % Correct
Ryuga L-Drago Destructor
97%
Gingka Hagane Cosmic Pegasus
93%
Kyoya Tategami Fang Leone
92%
Kenta Yumiya Flame Sagittario / Flash Sagittario
89%
Masamune Kadoya Blitz Striker
87%
Benkei Hanawa Dark Bull
87%
Tsubasa Otori Earth Eagle
87%
Doji Dark Wolf
84%
Hikaru Hazama Storm Aquario
80%
Yu Tendo Flame Libra
77%
Yuki Mizusawa Mercury Anubius
77%
King Variares
77%
Tithi Death Quetzalcoatl
75%
Dynamis Jade Jupiter
75%
Johannes Beat Lynx
74%
Ryo Hagane Burn Fireblaze
72%
Rago Proto Nemesis / Diablo Nemesis
70%
Aguma Scythe Kronos
66%
Chris Phantom Orion
64%
Zeo Abyss Spiral Fox
59%
Cygnus Kreis Cygnus
54%
Jigsaw Forbidden Ionis
51%
Toby Spiral Lyra
51%
Ryuto Omega Dragonis
49%
Bao Hades Crown
39%
Keyser Bakushin Beelzeb
38%
Pluto Firefuse Darkhelm
38%
Herschel Duo Ice-Titan
20%
Aucun quiz correspondant
Distribution des résultats
% des personnes avec chaque résultat
Percentile par nombre de réponses
Votre historique - résultats
Vous n’avez pas pris ce quiz